UM Logo

A longitudinal randomized trial of a sustained content literacy intervention from first to second grade : (Record no. 23374)

MARC details
000 -LEADER
fixed length control field 01391nam a22002777a 4500
005 - DATE AND TIME OF LATEST TRANSACTION
control field 20260224102948.0
008 - FIXED-LENGTH DATA ELEMENTS--GENERAL INFORMATION
fixed length control field 250131b |||||||| |||| 00| 0 eng d
082 ## - DEWEY DECIMAL CLASSIFICATION NUMBER
Classification number DPer 370.15 J826 January-February 2023 v. 115 n. 1-2
100 ## - MAIN ENTRY--PERSONAL NAME
Personal name Kim, James S.
Relator term author.
9 (RLIN) 61450
245 ## - TITLE STATEMENT
Title A longitudinal randomized trial of a sustained content literacy intervention from first to second grade :
Remainder of title transfer effects on students' reading comprehension /
Statement of responsibility, etc. James S. Kim, Mary A. Burkhauser, Jackie Eunjung Relyea, Joshua B. Gilbert, Ethan Scherer, Jill Fitzgerald, Douglas Mosher, and Joseph McIntyre.
260 ## - PUBLICATION, DISTRIBUTION, ETC. (IMPRINT)
Place of publication, distribution, etc. Washington ;
Name of publisher, distributor, etc. American Psychological Association ,
Date of publication, distribution, etc. January 2023.
300 ## - PHYSICAL DESCRIPTION
Extent Volume 115, pages 73-98 :
Other physical details illustration ;
Dimensions 28 cm.
500 ## - GENERAL NOTE
General note Journal of Educational Psychology, vol. 115, no. 1, pages 73-98, January 2023.
650 #0 - SUBJECT ADDED ENTRY--TOPICAL TERM
Topical term or geographic name as entry element Content area reading.
9 (RLIN) 64905
650 #0 - SUBJECT ADDED ENTRY--TOPICAL TERM
Topical term or geographic name as entry element Reading comprehension.
9 (RLIN) 5177
650 #0 - SUBJECT ADDED ENTRY--TOPICAL TERM
Topical term or geographic name as entry element Elementary school students.
9 (RLIN) 64906
700 ## - ADDED ENTRY--PERSONAL NAME
Personal name Kim, James S.
Relator term author.
9 (RLIN) 64849
700 ## - ADDED ENTRY--PERSONAL NAME
Personal name Burkhauser, Mary A.
Relator term author.
9 (RLIN) 61452
700 ## - ADDED ENTRY--PERSONAL NAME
Personal name Relyea, Jackie Eunjung.
Relator term author.
9 (RLIN) 64851
700 ## - ADDED ENTRY--PERSONAL NAME
Personal name Gilbert, Joshua B.
Relator term author.
9 (RLIN) 61454
700 ## - ADDED ENTRY--PERSONAL NAME
Personal name Scherer, Ethan.
Relator term author.
9 (RLIN) 64852
700 ## - ADDED ENTRY--PERSONAL NAME
Personal name Fitzgerald, Jill.
Relator term author.
9 (RLIN) 64853
700 ## - ADDED ENTRY--PERSONAL NAME
Personal name Mosher, Douglas.
Relator term author.
9 (RLIN) 64854
700 ## - ADDED ENTRY--PERSONAL NAME
Personal name McIntyre, Joseph.
Relator term author.
9 (RLIN) 64855
942 ## - ADDED ENTRY ELEMENTS (KOHA)
Source of classification or shelving scheme Dewey Decimal Classification
Koha item type Periodicals
Holdings
Withdrawn status Lost status Source of classification or shelving scheme Damaged status Not for loan Collection code Home library Current library Date acquired Total Checkouts Full call number Date last seen Price effective from Koha item type Public note
    Dewey Decimal Classification     Periodicals UM Digos College - LIC UM Digos College - LIC 01/31/2025   DPer 370.15 J826 January-February 2023 v. 115 n. 1-2 01/31/2025 01/31/2025 Periodicals Periodical Article